00535nam a2200193 a 4500001001300000003000900013005001700022008004100039020002300080082001900103100001200122245006600134260006000200300000900260500003500269505001000304650001500314700001200329nice12345678IN_TiNIC20260116013817.0050524s1989 agra grp 000 0 eng  a8185105 c60000a704.94897bNAT aNath, R aColour Decoration in Mughal Architectureb India and Pakistan aAgra bHistorical Research Documentation Program c1989 a139p aincludes index and biblioraphy2 aNotes aArt-Mughal1 aNath, R